Бележити астрономи (Запис номер 125751)
[ съкратено ]
| 000 -Лидер | |
|---|---|
| Контролно поле с фиксирана дължина | 01251nam a2200313 c 4500 |
| 003 - Код на организацията, давaща контролен номер | |
| Контролно поле | BLK |
| 005 - Дата и час на последна редакция | |
| Контролно поле | 20221230124724.0 |
| 008 - Елементи от данни с фиксирана дължина | |
| fixed length control field | 180409b bul|||||r ||||||| ||bul|| |
| 010 ## - Наследен системен номер | |
| LC control number | KNG00131429000 |
| 040 ## - Източник на каталожния запис | |
| Идентификатор на билиотеката - собственик на записа | BLK |
| 041 ## - Код за език | |
| Код за езика на текст/звукозапис или на отделно заглавие | Български |
| Код за езика КДБФ | Български |
| 080 ## - УДК | |
| Текстов определител УДК | Астрономия. Астрофизика. Космология. Геодезия |
| УДК код - определител по УДК | 52 |
| УДК определител | (092) |
| УДК - код + определител | 52(092) |
| 080 ## - УДК | |
| Текстов определител УДК | Биографии |
| УДК код - определител по УДК | 929 |
| УДК определител | (100) |
| УДК - код + определител | 929(100) |
| 139 ## - Редно поле | |
| Редна дума | Бележити астрономи |
| Авторски знак | Беле - Б 34 |
| 245 10 - Сведения за заглавието | |
| Заглавие | Бележити астрономи |
| Подзаглавни данни | Кратки биогр. |
| Редно поле (дума) | състав. Никола Стефанов Николов. |
| 257 ## - Страна на издаване | |
| Страна на създаване/издаване | България |
| 260 ## - Област на издателските данни | |
| Име на издателя, разпространителя и проч. | Нар. просв. |
| Година на издаване | 1980 |
| Печатница | Враца : В. Александров |
| Място на издаване, разпространение и проч. | София |
| 300 ## - Физическа характеристика | |
| Страници | 112 с. |
| Илюстрации и др. | с портр. |
| Размери/Мащаб | 22 см |
| 380 ## - Жанр | |
| Жанр | Естествени науки. Математика |
| 500 ## - Общи забележки | |
| Забележка | 7 105 тир. - Библиогр. с. 110-111. |
| 650 #4 - Допълнително описание по предмет – тема | |
| Основно описание – тема или топоним | Астрономи |
| 9 (RLIN) | 147772 |
| 653 ## - Ключова дума – ненормативна | |
| Ключова дума | астрономи |
| 700 1# - Други автори (авторска отговорност) | |
| Лично име | Николов, Никола Стефанов |
| Автороска отговорност (Описва отношението между автора и произведението) | състав. |
| 9 (RLIN) | 369770 |
| 852 ## - Местоположение | |
| Форматна сигнатура | Цб 103731 |
| Фондова буква | Хранилище |
| 856 4# - Електронен адрес и достъп | |
| Електронен формат | pdf - файл |
| 856 4# - Електронен адрес и достъп | |
| Електронен формат | pdf - файл |
| 999 ## - СИСТЕМНИ КОНТРОЛНИ НОМЕРА | |
| Koha biblionumber | 125751 |
| Koha biblioitemnumber | 125751 |
| 942 ## - АРТИКУЛИ | |
| Вид на библиотечния материал | Книги |
| Скрит в OPAC | Не |
| Периодичен библиозапис | Да |
| Koha issues (borrowed), all copies | 1 |
| 944 ## - СЪЗДАВАНЕ И РЕДАКЦИЯ на ЗАПИСА | |
| Създаване/Редакция | Създаване |
| Дата на регистрацията/редакция | 19.06.2012 |
| Статус, дата на статуса | 19.06.2012 - от С1,Р / 19.06.2012 |
| Служител, извършил регистрацията/редакцията | Наталия_Медовщикова |
| 944 ## - СЪЗДАВАНЕ И РЕДАКЦИЯ на ЗАПИСА | |
| Създаване/Редакция | Редакция |
| Дата на регистрацията/редакция | 19.06.2012 |
| Статус, дата на статуса | 19.06.2012 - от С1,Р / 19.06.2012 |
| 944 ## - СЪЗДАВАНЕ И РЕДАКЦИЯ на ЗАПИСА | |
| Създаване/Редакция | Редакция |
| Дата на регистрацията/редакция | 2022-05-25 |
| 999 ## - СИСТЕМНИ КОНТРОЛНИ НОМЕРА | |
| Koha biblioitemnumber | 125751 |
| Код за отписване | Код за изгубен артикул | Източник на класификационната схема | Код за повреда | Коз за рестрикции | Код за отдаване | Артикулен № | Име на библиотеката - собственик | Име на библиотеката, в която се намира в момента | Статус (Текущо местоположение) | Дата на вписване в системата | Местоположение - отдел | Цена в лева | Инвентарен номер | Систематично азбучна сигнатура | Баркод | Номер на екземпляра | Цена в евро | Служебна бележка | Служебен тип на артикула |
|---|---|---|---|---|---|---|---|---|---|---|---|---|---|---|---|---|---|---|---|
| Не е изгубен | Universal Decimal Classification | Не е повреден | без рестрикции | ползва се в читалня | 204583 | Регионална библиотека "Любен Каравелов" Русе | Регионална библиотека "Любен Каравелов" Русе | Хранилище | 1980-01-01 | Хранилище | 1.01 | 305224 | Цб 103731 | 120000305224 | 1 | 0.52 | N: стар фонд Дата: 01.01.1980 | Книги | |
| Не е изгубен | Universal Decimal Classification | Не е повреден | без рестрикции | заемане за дома | 204584 | Регионална библиотека "Любен Каравелов" Русе | Регионална библиотека "Любен Каравелов" Русе | Заемна - подръчен фонд | 1980-01-01 | Заемна - подръчен фонд | 1.01 | 305607 | П 52(092)/Б 34 | 120000305607 | 2 | 0.52 | N: стар фонд Дата: 01.01.1980 Дата инв: 02.02.2018 Бележки инв: П2018 | Книги | |
| Не е изгубен | Universal Decimal Classification | Не е повреден | без рестрикции | заемане за дома | 204585 | Регионална библиотека "Любен Каравелов" Русе | Регионална библиотека "Любен Каравелов" Русе | Заемна - подръчен фонд | 1980-01-01 | Заемна - подръчен фонд | 1.01 | 305609 | П 52(092)/Б 34 | 120000305609 | 3 | 0.52 | N: стар фонд Дата: 01.01.1980 Дата инв: 02.02.2018 Бележки инв: П2018 | Книги | |
| Изтеглен | Не е изгубен | Universal Decimal Classification | Не е повреден | без рестрикции | заемане за дома | 204586 | Регионална библиотека "Любен Каравелов" Русе | Регионална библиотека "Любен Каравелов" Русе | Заемна - подръчен фонд | 1980-01-01 | Заемна - подръчен фонд | 1.01 | 305611 | П 52(092)/Б 34 | 305611 | 4 | 0.52 | N: стар фонд Дата: 01.01.1980 | Книги |
| Изтеглен | Не е изгубен | Universal Decimal Classification | Не е повреден | без рестрикции | заемане за дома | 204587 | Регионална библиотека "Любен Каравелов" Русе | Регионална библиотека "Любен Каравелов" Русе | Детски отдел | 1980-01-01 | Детски отдел | 1.01 | 305854 | ДН 52(092)/Б 34 | 305854 | 5 | 0.52 | N: стар фонд Дата: 01.01.1980 Дата инв: 01.10.2015 Бележки инв: Д2015 | Книги |